00483 2200193 4500001002100000005001500021035002000036007000300056008004100059020001800100082001000118084001600128100001700144245005200161260004100213856001700254990000900271990000900280INLIS00000000000080520220907074257 a0010-0922000086ta220907 g 0 ind  a9789792671674 a398.2 a398.2 ANN m0 aAnna Martina1 aMengapa ikan menggerakkan sirip ketika berenang aJakarta :bArmandelta Selaras,c2008 aKoleksi Umum a3656 a3657